000 00701nam a2200289Ia 4500
005 20260324130044.0
008 008 260324s9999 xx 000 0 eng d
020 _a9781315546148
037 _aEBOOK
040 _aCRL
040 _beng
040 _cCRL
041 _2eng
041 _aeng
084 _qCRL
100 _aCristina Chimisso
_91180342
245 0 _aWriting the History of the Mind
245 0 _bPhilosophy and Science in France, 1900 to 1960s
260 _bTaylor and Francis
260 _c2008
365 _a
365 _b240
856 _uhttp://www.taylorfrancis.com/books/9781315546148
942 _cEBOOK
999 _c1776147
_d1776147